000 00763nam a22002297a 4500
003 KOHA_MİRAKIL
005 20260407073515.0
008 260406b tu ||||| |||| 00| 0 tur d
020 _a9786059378703
040 _aTR-AnABB
_btur
_cTR-AnABB
041 _atur
082 _a302.23
_bKAM 2019
245 0 0 _aKamusuz yararlar ülkesi :
_bSağ popülist siyaset çağında medya ve kamu yararı ilkesi /
_ceditör : Hüseyin Köse
246 _aKamusuz yararlar ülkesi
260 _aAnkara :
_bÜtopya yayınları,
_c2019
300 _a332 sayfa ;
_c20 cm
650 0 4 _aSosyal medya, Toplum etkisi
650 0 4 _aSosyal medya, siyasal yönler
700 1 _aKöse,Hüseyin,
_eeditör
_93310
900 _bCan ÇELIK
942 _2ddc
_cBK
999 _c10172
_d10172